|
|
|
|
| LEADER |
00000ny a22000003n 4500 |
| 005 |
20110610143144.0 |
| 008 |
030129s2001 sp s 000 0 spa c |
| 017 |
|
|
|a D.L.M.39170-2001
|
| 020 |
|
|
|a 9788471309488
|
| 020 |
|
|
|a 842341647X
|
| 035 |
|
|
|a 546
|
| 040 |
|
|
|a UMA.DER
|d vLex
|
| 040 |
|
|
|a UMA.RE
|d vlex
|
| 080 |
|
|
|a 347.7
|
| 090 |
|
|
|c 639
|d 639
|
| 100 |
1 |
|
|a Fernǹdez Ruiz, Jos ̌Luis
|
| 245 |
1 |
0 |
|a Fundamentos de derecho mercantil.
|n Tomo II,
|p Tt̕ulos valores, contratos mercantiles, la insolvencia del empresario y derecho de la navegacin̤ mart̕ima y ařea
|h [Recurso electrn̤ico]
|c Jos ̌Luis Fern{acu
|
| 250 |
|
|
|a 3® ed. rev. y act
|
| 256 |
|
|
|a Servicio en ln̕ea
|
| 260 |
|
|
|a [Madrid] :
|b Edersa,
|c D.L. 2001
|
| 300 |
|
|
|a 546 p. :
|c 22 cm
|
| 506 |
1 |
|
|a Contenido solo disponible en los productos indicados
|d vLex Global
|d vLex Global (Academic Edition, excluding Law Schools)
|d vLex Global (U.S. Academic Edition, Law Schools)
|d vLex Global (U.S. Academic Edition, excluding Law Schools)
|d vLex Global (Academic Edition, Law Schools)
|
| 650 |
0 |
7 |
|a Mercantil
|2 Tesauro vLex
|
| 650 |
0 |
7 |
|2 Tesauro vLex
|a Tt̕ulos de valores
|
| 650 |
0 |
7 |
|2 Tesauro vLex
|a Contratos mercantiles
|
| 650 |
0 |
7 |
|2 Tesauro vLex
|a Insolvencia
|
| 700 |
1 |
|
|a Martn̕ Reyes, M® de los aÌ‚Angeles
|
| 740 |
0 |
|
|a vLex Libros (Servicios en ln̕ea)
|
| 856 |
4 |
0 |
|z Acceso restringido
|u http://vlex.com/source/derecho-mercantil-titulos-valores-546
|
| 942 |
|
|
|c BOOK
|
| 999 |
0 |
|
|a Law
|b Madrid
|